[Event "It (open)"]
[Site "masterchessopenings.com Helsinki (Finland)"]
[Round "3"]
[White "Kanko Ilkka (FIN)"]
[Black "Keskel Marko (EST)"]
[Result "1-0"]
[WhiteElo "2206"]
[BlackElo "2057"]

1.d4 Nf6 2.c4 e6 3.Nc3 Bb4 4.e3 c5 5.Nf3 O-O 6.Bd3 d6 7.O-O Bxc3 8.bxc3 Nc6
9.Qc2 e5 10.dxc5 dxc5 11.Ng5 h6 12.Ne4 Nxe4 13.Bxe4 Be6 14.Rd1 Qc7 15.Bd5 Rfe8
16.Rb1 Rad8 17.e4 Bg4 18.Rf1 g5 19.h4 gxh4 20.Bxh6 Rd6 21.Bg5 h3 22.f3 Bc8
23.Rf2 Rg6 24.Qd2 Kh7 25.f4 f6 26.Bh4 exf4 27.Qxf4 Qxf4 28.Rxf4 Rxg2+ 29.Kh1
f5 30.exf5 Rxa2 31.Bf6 Bxf5 32.Rxf5 Kg6 33.Rbf1 Ree2 34.Rg5+ Kh6 35.Rg3 Rh2+
36.Kg1 Na5 37.Bg7+ Kh5 38.Bf3+ {#r} 1-0

[Event "It (open)"]
[Site "masterchessopenings.com Helsinki (Finland)"]
[Round "3"]
[White "Kanko Ilkka (FIN)"]
[Black "Veingold Aleksandr (EST)"]
[Result "0-1"]
[WhiteElo "2243"]
[BlackElo "2462"]

1.d4 Nf6 2.c4 e6 3.Nc3 Bb4 4.e3 O-O 5.Nf3 c5 6.Be2 b6 7.O-O Bb7 8.Qc2 cxd4
9.exd4 d5 10.Bg5 dxc4 11.Rad1 Bxc3 12.bxc3 Nbd7 13.Ne5 Qc7 14.Bxf6 Nxf6
15.Bxc4 Rac8 16.Qe2 Nd7 17.Bb5 Nxe5 18.dxe5 Qxc3 19.Rd7 Rc7 20.Rfd1 Bd5
21.Rxc7 Qxc7 22.f4 Qc5+ 23.Kh1 Rc8 24.Ba4 Qc4 25.Qxc4 Rxc4 26.Bb3 Rxf4 27.Bxd5
exd5 28.g3 Ra4 29.Rxd5 Kf8 30.Rd2 Ke7 {#R} 0-1

[Event "It (open)"]
[Site "masterchessopenings.com Helsinki (Finland)"]
[Round "4"]
[White "Kanko Ilkka (FIN)"]
[Black "Norri Joose (FIN)"]
[Result "0-1"]
[WhiteElo "2294"]
[BlackElo "2403"]

1.d4 Nf6 2.c4 e6 3.Nc3 Bb4 4.e3 c5 5.Nf3 O-O 6.Be2 b6 7.O-O Bb7 8.Qc2 cxd4
9.exd4 d5 10.cxd5 Nxd5 11.Bg5 Be7 12.Qd2 Nd7 13.Bxe7 Qxe7 14.Rac1 N7f6 15.Ne5
Nxc3 16.bxc3 Rac8 17.f4 Qa3 18.f5 Ne4 19.Qf4 exf5 20.Qxf5 Nxc3 21.Bc4 Rxc4
22.Nxc4 Qxa2 23.Ne3 Ne2+ 24.Kh1 Nxc1 25.Rxc1 Qd2 {#R} 0-1

[Event "It (open)"]
[Site "masterchessopenings.com Helsinki (Finland)"]
[Round "5"]
[White "Tahkavuori Tapani (FIN)"]
[Black "Peltola Leo (FIN)"]
[Result "1-0"]
[WhiteElo "2083"]
[BlackElo "2076"]

1.d4 Nf6 2.c4 e6 3.Nc3 Bb4 4.Nf3 c5 5.e3 O-O 6.Bd3 d6 7.O-O Bxc3 8.bxc3 Qe7
9.e4 e5 10.d5 Bg4 11.Rb1 b6 12.h3 Bh5 13.g4 Bg6 14.Bg5 Nbd7 15.Kh2 Qe8 16.Qe2
h6 17.Bd2 Nh7 18.Nh4 f6 19.Bc2 Ng5 20.Nf5 Nf7 21.Ba4 Rd8 22.Rg1 Bh7 23.h4 g5
24.Rg3 Bxf5 25.gxf5 Kg7 26.Rh3 Rh8 27.Qh5 Kf8 28.hxg5 Nxg5 29.Qxe8+ Kxe8
30.Bxg5 fxg5 31.Rg1 Ke7 32.Bxd7 Kxd7 33.Rh5 Ke7 34.Kg3 Kf6 35.Rgh1 Kg7 36.Kf3
Rb8 37.Rb1 Rb7 38.a4 Rhb8 39.Rbh1 Rh8 40.Kg4 Rbb8 41.f3 Rbf8 42.R5h2 Rb8
43.Rb1 Rb7 44.Kh5 Kf6 45.Rhb2 Rhb8 46.a5 Kg7 47.Rb3 Kf6 48.axb6 axb6 49.Ra1 b5
50.cxb5 Rxb5 51.Rxb5 Rxb5 52.Ra6 Rb3 53.Rxd6+ Kf7 54.Rxh6 Rxc3 55.Kxg5 Rxf3
56.Rh7+ Kg8 57.Rc7 Rf4 58.Kg6 Kf8 59.Kf6 {#r} 1-0

[Event "It (open)"]
[Site "masterchessopenings.com Ikaria (Greece)"]
[Round "3"]
[White "Orfanos E"]
[Black "Ignatiadis Konstantinos (GRE)"]
[Result "1-0"]
[WhiteElo "2135"]
[BlackElo "2164"]

1.d4 Nf6 2.c4 e6 3.Nc3 Bb4 4.e3 O-O 5.Nf3 c5 6.Bd3 d6 7.O-O Bxc3 8.bxc3 Nc6
9.Qc2 e5 10.Ng5 h6 11.Ne4 b6 12.Nxf6+ Qxf6 13.Be4 Bb7 14.dxc5 dxc5 15.Bd5 Na5
16.e4 g5 17.Re1 Rad8 18.Re3 Kh8 19.Qe2 Ba6 20.h4 gxh4 21.Rh3 Rg8 22.Qh5 Rg6
23.Rxh4 Kh7 24.Bxf7 Qxf7 25.Bxh6 Kg8 26.Bg5 Qg7 27.Bxd8 Rxg2+ 28.Kh1 Rg6
29.Rd1 Nc6 30.Bg5 Bxc4 31.Rd7 Bf7 32.Rc7 Rd6 33.Rxf7 {#r} 1-0

[Event "It (open)"]
[Site "masterchessopenings.com Ikaria (Greece)"]
[Round "6"]
[White "Kostouros Alexandros (GRE)"]
[Black "Kolomvas Dimitrios (GRE)"]
[Result "1-0"]
[WhiteElo "2139"]
[BlackElo "1892"]

1.d4 Nf6 2.c4 e6 3.Nc3 Bb4 4.Nf3 c5 5.e3 O-O 6.Bd2 d5 7.cxd5 Nxd5 8.Nxd5 Bxd2+
9.Qxd2 Qxd5 10.dxc5 Qxc5 11.Rc1 Qe7 12.Bd3 Nc6 13.O-O Nb4 14.Rfd1 Nxa2 15.Rc4
{#r} 1-0

[Event "It (open)"]
[Site "masterchessopenings.com Karvina (Czech Republic)"]
[Round "3"]
[White "Lipus Drahomir (CZE)"]
[Black "Adamcik Bohdan (CZE)"]
[Result "1-0"]
[WhiteElo "1549"]
[BlackElo "1820"]

1.d4 Nf6 2.c4 e6 3.Nf3 Bb4+ 4.Nc3 c5 5.e3 O-O 6.Bd3 b6 7.O-O Nc6 8.Qc2 Bxc3
9.Qxc3 d5 10.b3 Bb7 11.Nd2 cxd4 12.exd4 dxc4 13.Nxc4 Qxd4 14.Bb2 Qxc3 15.Bxc3
Nd5 16.Bb2 Rfd8 17.Rad1 Nf4 18.Bb1 Nb4 19.f3 Nbd3 20.Rd2 Nxb2 21.Rxb2 Ba6
22.Rc1 Ne2+ 23.Rxe2 Bxc4 24.bxc4 {#r} 1-0

[Event "It (open)"]
[Site "masterchessopenings.com Kavala (Greece)"]
[Date "2009.08.01"]
[Round "2"]
[White "Gajewski Grzegorz (POL)"]
[Black "Charkhalashvili Inga (GEO)"]
[Result "1-0"]
[WhiteElo "2572"]
[BlackElo "2357"]

1.d4 Nf6 2.c4 e6 3.Nc3 Bb4 4.e3 O-O 5.Nf3 c5 6.Bd3 b6 7.O-O Bb7 8.Bd2 d6 9.a3
Bxc3 10.Bxc3 Ne4 11.Be1 Nd7 12.Nd2 Nxd2 13.Qxd2 Rc8 14.b3 Nf6 15.f3 cxd4
16.exd4 d5 17.c5 bxc5 18.dxc5 Rxc5 19.Qb4 Qc8 20.Qd4 a5 21.Bh4 Rc3 22.Bc4 Rc2
23.Qd1 Rxc4 24.bxc4 dxc4 25.Bxf6 gxf6 26.Qd4 f5 27.Rfc1 Bd5 28.Rab1 Qd8 29.h4
h6 30.Rb5 Kh7 31.Rcb1 Rg8 32.Rb8 Qxb8 33.Rxb8 Rxb8 34.Qf6 Rb7 35.Kf2 f4 36.Ke1
Rd7 37.a4 Rb7 38.Kd2 Kg8 39.Kc1 Kh7 40.h5 Rd7 41.Kb2 Rb7+ 42.Kc3 Rd7 43.Qxf4
f5 44.g3 Bxf3 45.Qxc4 Bd5 46.Qc5 Rg7 47.Qxa5 Rxg3+ 48.Kd4 Rg7 49.Ke5 Bf3 {#r}
1-0

[Event "It (open)"]
[Site "masterchessopenings.com Kesan (Turkey)"]
[Date "2012.08.02"]
[Round "9"]
[White "Ebralidze Alexandre (GEO)"]
[Black "Choladze Mariam (GEO)"]
[Result "1/2-1/2"]
[WhiteElo "1936"]
[BlackElo "1872"]

1.d4 Nf6 2.c4 e6 3.Nc3 Bb4 4.Nf3 O-O 5.e3 c5 6.Bd3 b6 7.O-O Bb7 8.Bd2 Nc6 9.a3
Bxc3 10.Bxc3 cxd4 11.exd4 d5 12.Re1 Rc8 13.Qe2 dxc4 14.Bxc4 Nd5 15.Bd2 Nce7
16.Bd3 Ng6 {#d} 1/2-1/2

[Event "It (open)"]
[Site "masterchessopenings.com Krapina (Croatia)"]
[Date "2012.07.05"]
[Round "8"]
[White "Svrtan Zlatko (CRO)"]
[Black "Tisljar Stjepan (CRO)"]
[Result "0-1"]
[WhiteElo "2042"]
[BlackElo "2072"]

1.d4 Nf6 2.c4 e6 3.Nc3 Bb4 4.Nf3 O-O 5.e3 c5 6.Bd3 Bxc3+ 7.bxc3 d6 8.O-O Nc6
9.d5 Na5 10.e4 h6 11.Nd2 e5 12.f4 exf4 13.Rxf4 Qe7 14.Qc2 b6 15.Nb3 Nb7 16.a4
Bd7 17.h3 Rfe8 18.Rf2 Nxe4 19.Re2 f5 20.Nd2 Qh4 21.Nxe4 fxe4 22.Bxe4 Na5
23.Qd3 Nb3 24.Rb1 Bxa4 25.Bb2 Na5 26.Rbe1 Kh8 27.g3 Qd8 28.Bg6 Rxe2 29.Qxe2
Qg5 30.Qd3 Rf8 31.Bc1 Qf6 32.Bf4 Bd7 33.h4 Nxc4 34.Qxc4 Qxg6 35.Re7 b5 36.Qf1
Qf5 37.Qe2 Rf6 38.h5 a5 39.c4 b4 40.Qb2 a4 41.Qa1 a3 42.Qa2 Qg4 43.Kf2 Rxf4+
44.gxf4 Qxf4+ 45.Ke2 Qh2+ {#R} 0-1

[Event "It (open)"]
[Site "masterchessopenings.com Lausanne (Switzerland)"]
[Round "3"]
[White "Milov Vadim (SUI)"]
[Black "Kritz Leonid (GER)"]
[Result "1/2-1/2"]
[WhiteElo "2683"]
[BlackElo "2543"]

1.d4 Nf6 2.c4 e6 3.Nc3 Bb4 4.Nf3 c5 5.e3 O-O 6.Bd3 cxd4 7.exd4 d5 8.cxd5 Nxd5
9.Qc2 h6 10.O-O Nc6 11.Rd1 Nf6 12.Bf4 Bd6 13.Bxd6 Qxd6 14.Ne4 Nxe4 15.Bxe4 Bd7
16.Qb3 Na5 17.Qc3 Qa6 18.Ne5 Bc6 19.Nxc6 Nxc6 20.d5 exd5 21.Rxd5 Rad8 22.h3
Rxd5 23.Bxd5 Qb5 24.Rd1 Rd8 25.Qf3 Ne5 26.Qb3 Qxb3 27.Bxb3 Rxd1+ 28.Bxd1 Nd3
29.b3 Kf8 30.Kf1 Ke7 31.a3 Kd6 32.Ke2 Nf4+ 33.Kf3 Nd5 34.Bc2 {#d} 1/2-1/2

[Event "It (open)"]
[Site "masterchessopenings.com Lisbon (Portugal)"]
[Round "5"]
[White "Pinho Paulo (POR)"]
[Black "Neto Horacio (POR)"]
[Result "0-1"]
[WhiteElo "2213"]
[BlackElo "2157"]

1.d4 Nf6 2.c4 e6 3.Nc3 Bb4 4.Nf3 O-O 5.e3 c5 6.Bd3 Nc6 7.O-O Bxc3 8.bxc3 d6
9.Ng5 e5 10.f4 h6 11.Ne4 Nxe4 12.Bxe4 exd4 13.cxd4 cxd4 14.exd4 Qf6 15.Bb2 Bf5
16.Bxf5 Qxf5 17.d5 Na5 18.Qd4 f6 19.Rfe1 Rac8 20.Rac1 Rfe8 21.c5 Rxe1+ 22.Rxe1
Rxc5 23.Qa4 Rxd5 24.Qe8+ Kh7 25.Qf7 Rd2 {#R} 0-1

[Event "It (open)"]
[Site "masterchessopenings.com Lubawka (Poland)"]
[Date "2007.07.09"]
[Round "5"]
[White "Hajnrych Jakub (POL)"]
[Black "Zochowski Janusz (POL)"]
[Result "1/2-1/2"]
[WhiteElo "1960"]
[BlackElo "1968"]

1.d4 Nf6 2.c4 e6 3.Nc3 Bb4 4.e3 c5 5.Nf3 O-O 6.Bd2 d5 7.a3 Bxc3 8.Bxc3 Ne4
9.Rc1 Nxc3 10.Rxc3 cxd4 11.Nxd4 b6 12.cxd5 Qxd5 13.Be2 Bb7 14.Bf3 Qd7 15.O-O
Rc8 16.Qc2 Rxc3 17.Qxc3 Bxf3 18.Nxf3 Nc6 19.Rc1 Ne7 20.Ne5 Qd6 21.h3 f6 22.Nf3
Rc8 23.Qe1 Rxc1 24.Qxc1 Qc6 25.Qd2 Qd5 26.Qc2 Qc6 27.Qb3 Kf7 28.Nd4 Qd5 29.Qa4
a5 30.Nb5 Qc6 31.Qb3 Qd5 32.Qxd5 Nxd5 33.e4 Nf4 34.Nd6+ Ke7 35.Nc8+ Kd8
36.Nxb6 Nd3 37.Nc4 a4 38.Kf1 Kc7 39.g3 Kc6 40.Ke2 Nc5 41.Nd2 e5 42.Kd1 Nd3
43.f3 Nf2+ 44.Ke2 Nxh3 45.Kd3 Kc5 46.Kc3 Ng5 47.b4+ axb3 48.Kxb3 h5 49.Kc3 Ne6
50.Kd3 g5 51.Ke3 Nd4 52.f4 exf4+ 53.gxf4 Nc2+ 54.Kf3 Nxa3 55.fxg5 fxg5 56.e5
Kd5 {#d} 1/2-1/2

[Event "It (open)"]
[Site "masterchessopenings.com Mar del Plata (Argentina)"]
[Round "7"]
[White "Quiroga Facundo (ARG)"]
[Black "Giaccio Alfredo (ARG)"]
[Result "1/2-1/2"]
[WhiteElo "2398"]
[BlackElo "2505"]

1.d4 Nf6 2.c4 e6 3.Nc3 Bb4 4.e3 c5 5.Nf3 O-O 6.Qc2 d5 7.a3 Bxc3+ 8.bxc3 Nc6
9.a4 cxd4 10.cxd4 b6 11.Ba3 Re8 12.cxd5 Qxd5 13.Bb5 Bb7 14.O-O Rec8 15.Qd3 Na5
16.Qe2 Ne4 17.Bb4 Nb3 18.Ra3 a6 19.Bc4 Nxd4 20.exd4 Rxc4 21.Rb1 Rac8 22.Be1
Nc3 23.Bxc3 Rxc3 24.Rxc3 Rxc3 25.h3 Qd6 26.Ne5 f6 27.Nc4 Qc6 28.Ne3 Rc1+
29.Rxc1 Qxc1+ 30.Kh2 Qc7+ 31.Kg1 Qc1+ 32.Kh2 Qc6 33.Qb2 Kf7 34.f3 Qc7+ 35.Kg1
Bc6 36.Qc3 Qd6 37.Nc4 Qd8 38.a5 bxa5 39.Nxa5 Bd5 40.h4 h5 41.Qc5 Qb8 42.Nc6
Bxc6 43.Qxc6 Qb5 44.Qc7+ Kg6 45.Qc8 Qd5 46.Qxa6 Qxd4+ 47.Kf1 e5 48.g3 e4
49.fxe4 Qxe4 50.Kf2 Kf5 51.Qc8+ Kg6 52.Qa6 Qd5 53.Qa4 Kf5 54.Qc2+ Ke5 55.Qc7+
Ke4 56.Qe7+ Qe5 57.Qb7+ Kd3 58.Qxg7 Qe2+ 59.Kg1 Qe5 60.Kf2 {#d} 1/2-1/2

[Event "It (open)"]
[Site "masterchessopenings.com Maspalomas (Spain)"]
[Round "3"]
[White "Vaisser Anatoly (FRA)"]
[Black "Solana Suarez Ernesto (ESP)"]
[Result "1-0"]
[WhiteElo "2537"]
[BlackElo "2315"]

1.d4 Nf6 2.c4 e6 3.Nc3 Bb4 4.e3 O-O 5.Nf3 c5 6.Be2 cxd4 7.exd4 d5 8.O-O Nc6
9.Bg5 Be7 10.Rc1 b6 11.cxd5 Nxd5 12.Nxd5 Qxd5 13.Bc4 Qd6 14.d5 Na5 15.dxe6
Nxc4 16.exf7+ Rxf7 17.Rxc4 Bb7 18.Qxd6 Bxd6 19.Rd1 Bc5 20.b4 Bxf3 21.gxf3 Be7
22.Be3 b5 23.Re4 a5 24.a3 axb4 25.axb4 Ra4 26.Kg2 h6 27.Rd5 {#r} 1-0

[Event "It (open)"]
[Site "masterchessopenings.com Mislata (Spain)"]
[Round "2"]
[White "Martinez Villar J (ESP)"]
[Black "Moreno Bartolome (ESP)"]
[Result "1/2-1/2"]
[WhiteElo "2096"]
[BlackElo "2154"]

1.d4 Nf6 2.c4 e6 3.Nc3 Bb4 4.e3 O-O 5.Nf3 c5 6.a3 Bxc3+ 7.bxc3 d6 8.Bd3 Nc6
9.O-O e5 10.Nd2 cxd4 11.cxd4 exd4 12.exd4 Nxd4 13.Ne4 Ng4 14.Bb2 Nc6 15.Nxd6
Qh4 16.h3 Nge5 17.Re1 Ng6 18.Qf3 Qf4 19.Qd5 Nge7 20.Qe4 Qxe4 21.Bxe4 Be6
22.Rac1 Rad8 23.Red1 Rd7 24.c5 Rfd8 25.Bf3 Rb8 26.Ne4 Rbd8 27.Rxd7 Rxd7 28.Rd1
Rxd1+ 29.Bxd1 Bd5 30.Nc3 Be6 31.Ne4 {#d} 1/2-1/2

[Event "It (open)"]
[Site "masterchessopenings.com Moscow (Russia)"]
[Date "2007.02.03"]
[Round "8"]
[White "Kashlinskaya Alina (RUS)"]
[Black "Vasilevich Irina (RUS)"]
[Result "1-0"]
[WhiteElo "2263"]
[BlackElo "2383"]

1.d4 Nf6 2.c4 e6 3.Nc3 Bb4 4.e3 c5 5.Nf3 O-O 6.Bd3 b6 7.O-O Bb7 8.Na4 cxd4
9.exd4 Be7 10.a3 d6 11.b4 Nbd7 12.Bb2 Ne4 13.Nc3 f5 14.Qe2 Ndf6 15.d5 exd5
16.Nxd5 Nxd5 17.cxd5 Bxd5 18.Nd4 Bf6 19.f3 Bxd4+ 20.Bxd4 Ng5 21.Rad1 Bb7 22.h4
Nf7 23.Qb2 Qxh4 24.Bxg7 Rfe8 25.Bf6 Qf4 26.Qc1 Qg3 27.Bxf5 Re2 28.Bh3 Rc8
29.Bh4 Qg6 30.Qf4 Rcc2 31.Bf2 Ng5 32.Bf5 Qf6 33.Rxd6 Qe7 34.Bxc2 Rxc2 35.Rfd1
Bc8 36.Rd8+ Kg7 37.Bd4+ Kh6 38.Qh4+ Kg6 39.Rg8+ {#r} 1-0

[Event "It (open)"]
[Site "masterchessopenings.com Oberhausen (Germany)"]
[Round "0"]
[White "Reinemer Frank (GER)"]
[Black "Peters Andreas (GER)"]
[Result "0-1"]
[WhiteElo "2216"]
[BlackElo "2265"]

1.d4 Nf6 2.c4 e6 3.Nc3 Bb4 4.e3 c5 5.Nf3 O-O 6.Bd3 cxd4 7.exd4 b6 8.O-O Bb7
9.a3 Bxc3 10.bxc3 d6 11.Bf4 Nc6 12.Re1 Na5 13.Nd2 Rc8 14.Qe2 b5 15.cxb5 Rxc3
16.Nf3 Qb6 17.Bd2 Rc7 18.Rad1 Bd5 19.Bg5 Nd7 20.Nh4 Bc4 21.a4 Qb7 22.Be7 Bxd3
23.Rxd3 Rfc8 24.Bxd6 Rc4 25.Rg3 Qd5 26.Be5 Nxe5 27.dxe5 Rxh4 28.Qe3 Re4 29.Rc1
Rxc1+ 30.Qxc1 Rc4 31.Qb1 Qc5 32.Rd3 Rc1+ 33.Rd1 Rxb1 {#R} 0-1

[Event "It (open)"]
[Site "masterchessopenings.com Offida (Italy)"]
[Date "2010.12.05"]
[Round "2"]
[White "Claudino Da Graca Carlos"]
[Black "Fioravanti Emidio (ITA)"]
[Result "0-1"]
[WhiteElo "1440"]
[BlackElo "1963"]

1.d4 Nf6 2.c4 e6 3.Nc3 Bb4 4.Nf3 O-O 5.e3 c5 6.Bd3 b6 7.O-O Bb7 8.Bd2 d5 9.a3
Bxc3 10.Bxc3 Ne4 11.cxd5 Nxc3 12.bxc3 Qxd5 13.c4 Qh5 14.Be2 Rd8 15.Ne5 Qh4
16.Bf3 Qe7 17.Bxb7 Qxb7 18.Qf3 Qxf3 19.Nxf3 cxd4 20.exd4 Nc6 21.Rfd1 Na5
22.Rac1 Rac8 23.c5 bxc5 24.dxc5 Nb3 25.Rxd8+ Rxd8 26.Rb1 Nxc5 27.Kf1 Kf8
28.Ke2 f6 29.Rc1 Rd5 30.Rc3 Ke7 31.a4 Kd6 32.a5 e5 33.Nd2 Rxd2+ 34.Kxd2 Ne4+
35.Kd3 Nxc3 36.Kxc3 Kc5 37.a6 Kb5 38.h4 Kxa6 39.Kc4 Kb6 {#R} 0-1

[Event "It (open)"]
[Site "masterchessopenings.com Oslo (Norway)"]
[Date "2008.06.27"]
[Round "4"]
[White "Mihajlov Svetoslav (NOR)"]
[Black "Taksrud Vidar (NOR)"]
[Result "1-0"]
[WhiteElo "2052"]
[BlackElo "2164"]

1.d4 Nf6 2.c4 e6 3.Nc3 Bb4 4.e3 c5 5.Nf3 O-O 6.Bd3 b6 7.O-O d6 8.a3 Bxc3
9.bxc3 Bb7 10.Qc2 Nbd7 11.e4 e5 12.d5 h6 13.g3 Re8 14.Nh4 Nf8 15.Nf5 Bc8 16.f3
Ng6 17.Bd2 Nh5 18.Rae1 Qf6 19.Be2 Nhf4 20.gxf4 exf4 21.Rf2 Re5 22.Bd3 Bd7
23.Kh1 Rae8 24.Rg1 Kh8 25.Qc1 Rxf5 26.exf5 Ne5 27.Be2 Bxf5 28.Bxf4 Ng6 29.Bg3
Bh3 30.Bf1 Bd7 31.Bd3 Ne5 32.Bxe5 dxe5 33.Qe3 Qh4 34.Qe4 {#r} 1-0

[Event "It (open)"]
[Site "masterchessopenings.com Ostroda (Poland)"]
[Date "2008.08.04"]
[Round "1"]
[White "Marchlewicz Damian (POL)"]
[Black "Rak Tomasz (POL)"]
[Result "0-1"]
[WhiteElo "1903"]
[BlackElo "2066"]

1.d4 Nf6 2.c4 e6 3.Nc3 Bb4 4.Nf3 c5 5.e3 O-O 6.a3 Bxc3+ 7.bxc3 d6 8.Be2 Nc6
9.O-O e5 10.Qc2 Bg4 11.d5 Na5 12.e4 Nd7 13.Qa4 f5 14.exf5 e4 15.Nd4 cxd4
16.Bxg4 Ne5 17.f3 d3 18.c5 Nac4 19.Bf4 e3 20.Bxe5 Nxe5 21.Rfe1 e2 22.Qd4 Rc8
23.f6 Nxg4 24.fxg4 Qxf6 25.Qxd3 Qf2+ 26.Kh1 Rce8 27.cxd6 Re3 28.Qc4 h5 29.d7
Kh7 30.gxh5 Kh6 31.h3 Rff3 32.Qg4 Rg3 33.Qxg3 Rxg3 34.Rg1 Qf8 35.Rae1 Re3
36.c4 Qd6 37.Rc1 Qxd7 38.Rge1 Kxh5 39.Kg1 Qd6 40.Kf2 Qf4+ 41.Kg1 Kh4 42.c5 Kg3
{#R} 0-1

[Event "It (open)"]
[Site "masterchessopenings.com Piestany (Slovakia)"]
[Date "2005.11.20"]
[Round "7"]
[White "Hudec Jan (SVK)"]
[Black "Bury Rastislav (SVK)"]
[Result "0-1"]
[WhiteElo "2126"]
[BlackElo "2047"]

1.d4 Nf6 2.c4 e6 3.Nc3 Bb4 4.e3 O-O 5.Nf3 c5 6.Bd3 Bxc3+ 7.bxc3 d6 8.e4 Qa5
9.e5 Qxc3+ 10.Ke2 dxe5 11.dxe5 Nfd7 12.Bd2 Qa3 13.Bc1 Qc3 14.Bd2 Qa3 15.Bc1
Qa5 16.Bxh7+ Kxh7 17.Ng5+ Kg8 18.Qd3 Re8 19.Qh7+ Kf8 20.Qh8+ Ke7 21.Qxg7 Rf8
22.Nh7 Nc6 23.Bg5+ Ke8 24.Rhd1 Qc3 25.Rxd7 Kxd7 26.Nxf8+ Kc7 27.Rc1 Nd4+
28.Kf1 Qd3+ {#R} 0-1

[Event "It (open)"]
[Site "masterchessopenings.com Prievidza (Slovakia)"]
[Round "1"]
[White "Krajcovic Frantisek (SVK)"]
[Black "Huba Martin Jr (SVK)"]
[Result "0-1"]
[WhiteElo "1805"]
[BlackElo "2190"]

1.d4 Nf6 2.c4 e6 3.Nc3 Bb4 4.e3 O-O 5.Nf3 c5 6.Be2 cxd4 7.exd4 b6 8.O-O Bb7
9.Bg5 d6 10.Rc1 Nbd7 11.a3 Bxc3 12.Rxc3 Rc8 13.h3 Qc7 14.Re1 Ne4 15.Re3 d5
16.Bd3 f5 17.cxd5 exd5 18.Qb3 Kh8 19.Bh4 Qd6 20.Ng5 h6 21.Nxe4 dxe4 22.Bb5 Bd5
23.Qa4 Nb8 24.Rc3 f4 25.g4 g5 26.Rec1 Rxc3 27.Rxc3 gxh4 28.Qxa7 e3 29.Rc7
exf2+ 30.Kxf2 Be4 31.Rc4 Bd3 32.Rc3 Qxd4+ 33.Ke1 Bxb5 34.Qb7 Re8+ {#R} 0-1

[Event "It (open)"]
[Site "masterchessopenings.com Santiago (Chile)"]
[Date "2005.02.17"]
[Round "4"]
[White "Barbosa Valdes Manuel (CHI)"]
[Black "Marin Pincheira Carlos (CHI)"]
[Result "1-0"]
[WhiteElo "2300"]
[BlackElo "2193"]

1.d4 Nf6 2.c4 e6 3.Nf3 Bb4+ 4.Nc3 c5 5.e3 O-O 6.Be2 Bxc3+ 7.bxc3 Nc6 8.O-O d6
9.Qc2 e5 10.Rd1 Qc7 11.Bb2 b6 12.Nd2 Ba6 13.Rac1 Rad8 14.Bf3 Na5 15.Qa4 Qd7
16.Qc2 Qe7 17.Qa4 Qd7 18.Qa3 Qc8 19.Ba1 Bb7 20.Be2 Qc7 21.Rb1 Ne4 22.Nb3 Nc6
23.f3 Nf6 24.Nd2 Nd7 25.e4 Ne7 26.g4 g6 27.Nf1 f5 28.Ng3 fxe4 29.fxe4 Rf4
30.d5 a5 31.Bb2 Nc8 32.Bc1 Rdf8 33.Rf1 Ba6 34.Qa4 Ne7 35.Be3 h6 36.Kg2 Kg7
37.h3 R8f7 38.Qc2 Qd8 39.Qd2 Qf8 40.Bd3 Nc8 41.Ne2 Rxf1 42.Bxh6+ Kg8 43.Bxf8
Rxf8 44.Rxf1 Rxf1 45.Nd4 Rf6 46.Ne6 {#r} 1-0

[Event "It (open)"]
[Site "masterchessopenings.com Santomera (Spain)"]
[Round "0"]
[White "Ponce Navalon Jose (ESP)"]
[Black "Ruiz Garcia Jose Manuel (ESP)"]
[Result "1/2-1/2"]
[WhiteElo "2138"]
[BlackElo "2103"]

1.d4 Nf6 2.c4 e6 3.Nc3 Bb4 4.Nf3 c5 5.e3 O-O 6.Bd3 d6 7.O-O Bxc3 8.bxc3 Nbd7
9.e4 e5 10.d5 Re8 11.Nd2 Nf8 12.f4 exf4 13.Rxf4 Ng6 14.Rf1 Ne5 15.Be2 Neg4
16.Bxg4 Bxg4 17.Qe1 Qe7 18.Qg3 Qe5 19.Qh4 Bd7 20.Re1 Qxc3 21.Rb1 Qd4+ 22.Kh1
b6 23.Rb3 Re5 24.Rg3 Rh5 25.Qf4 Qe5 26.Qxe5 dxe5 27.Bb2 Ne8 28.Rf1 Nd6 29.Kg1
a6 30.Rf6 Nc8 31.Rff3 Kf8 32.Rb3 f6 33.h3 Rh6 34.Bc1 Rg6 35.Rge3 h5 36.Kf2 Rh6
37.Bb2 Ke7 38.Rg3 g5 39.Rge3 b5 40.cxb5 axb5 41.Ra3 Rb8 42.Ra6 Nd6 43.Ke1 Rhh8
44.Kd1 Rhc8 45.Kc1 c4 46.a3 Nb7 47.Rf3 Rf8 48.Bc3 Nc5 49.Bb4 Rbc8 50.Nb1 f5
51.exf5 Rxf5 52.Rxf5 Bxf5 53.Nc3 Kf7 54.Ra7+ Kf6 55.Nxb5 Nd3+ 56.Kd2 Nxb4
57.axb4 Rb8 58.Ra6+ Ke7 59.Ra7+ Bd7 60.Na3 Rxb4 61.Kc3 Rb3+ 62.Kxc4 Rg3 63.Kc5
Rxg2 64.Nc4 Rc2 65.Kb4 Kd8 66.Nxe5 Bxh3 67.Nf7+ Kc8 68.Nxg5 {#d} 1/2-1/2

[Event "It (open)"]
[Site "masterchessopenings.com Seoul (South Korea)"]
[Date "2008.12.02"]
[Round "3"]
[White "Li Wenliang (CHN)"]
[Black "Kim Yongtae (KOR)"]
[Result "1-0"]
[WhiteElo "2443"]
[BlackElo "1853"]

1.c4 Nf6 2.Nc3 e6 3.d4 Bb4 4.Nf3 c5 5.e3 O-O 6.Bd3 d6 7.O-O Bxc3 8.bxc3 Nbd7
9.Nd2 Ne8 10.f4 f5 11.e4 Ndf6 12.e5 Nd7 13.Nf3 Rf7 14.Be3 b6 15.Qe2 g6 16.Rad1
Qc7 17.Bf2 Ba6 18.Rfe1 Nf8 19.d5 Ng7 20.Bh4 Re8 21.Qc2 Rd7 22.Bf1 Bb7 23.Bf6
h6 24.exd6 Qc8 25.Be7 Rexe7 26.dxe7 Rxe7 27.Ne5 Re8 28.Be2 Rd8 29.Bf3 Ne8
30.Rd2 Kg7 31.Red1 Qc7 32.Qa4 Nd6 33.Nc6 Bxc6 34.Qxc6 Rc8 35.Qxc7+ Rxc7
36.dxe6 Nxc4 37.Rd7+ {#r} 1-0

[Event "It (open)"]
[Site "masterchessopenings.com St. Lo (France)"]
[Round "7"]
[White "Archambault Serge (CAN)"]
[Black "Baugin Alain (FRA)"]
[Result "0-1"]
[WhiteElo "1959"]
[BlackElo "2117"]

1.d4 Nf6 2.c4 e6 3.Nc3 Bb4 4.Nf3 c5 5.e3 O-O 6.Bd2 d5 7.cxd5 exd5 8.dxc5 Bxc5
9.Rc1 Nc6 10.Be2 Bg4 11.Qb3 d4 12.exd4 Nxd4 13.Nxd4 Bxd4 14.Bxg4 Nxg4 15.Nd1
Nxf2 16.Nxf2 Bxf2+ 17.Kxf2 Qxd2+ 18.Kf3 Rad8 19.Rhd1 Qg5 20.Kf2 Rd2+ {#R} 0-1

[Event "It (open)"]
[Site "masterchessopenings.com St. Veit (Austria)"]
[Date "2006.07.08"]
[Round "1"]
[White "Ungureanu Vlad (ROM)"]
[Black "Vokroj Gabriela (AUT)"]
[Result "1-0"]
[WhiteElo "2305"]
[BlackElo "1847"]

1.d4 Nf6 2.c4 e6 3.Nc3 Bb4 4.e3 c5 5.Nf3 O-O 6.Bd3 d6 7.O-O Bxc3 8.bxc3 Nc6
9.Nd2 e5 10.d5 Ne7 11.Qc2 Ng6 12.f3 Nh5 13.g4 {#r} 1-0

[Event "It (open)"]
[Site "masterchessopenings.com Stare Mesto (Czech Republic)"]
[Date "2008.08.12"]
[Round "6"]
[White "Lahiri Atanu (IND)"]
[Black "Klima Lukas (CZE)"]
[Result "1/2-1/2"]
[WhiteElo "2340"]
[BlackElo "2404"]

1.d4 Nf6 2.c4 e6 3.Nc3 Bb4 4.e3 O-O 5.Nf3 c5 6.Bd3 Nc6 7.O-O Bxc3 8.bxc3 d6
9.e4 e5 10.d5 Ne7 11.Nh4 h6 12.Qf3 Ng6 13.Nf5 Bxf5 14.Qxf5 Nh7 15.g3 Qe7
16.Bd2 Rae8 17.Rae1 Qd8 18.f4 Qc8 19.Qh5 Nf6 20.Qf3 exf4 21.gxf4 b5 22.Kh1
bxc4 23.Bxc4 Nh4 {#d} 1/2-1/2

[Event "It (open)"]
[Site "masterchessopenings.com Steyr (Austria)"]
[Date "2012.08.28"]
[Round "2"]
[White "Mostbauer Maximilian"]
[Black "Sandhoefner Florian (AUT)"]
[Result "1/2-1/2"]
[WhiteElo "1952"]
[BlackElo "2228"]

1.d4 Nf6 2.Nf3 e6 3.c4 Bb4+ 4.Nc3 c5 5.e3 O-O 6.a3 Ba5 7.Bd3 Nc6 8.O-O d6
9.Qc2 h6 10.dxc5 dxc5 11.b3 e5 12.Bb2 Bxc3 13.Bxc3 Qc7 14.h3 b6 15.Nd2 Bb7
16.Ne4 Ne8 17.Ng3 Nf6 18.Ne4 {#d} 1/2-1/2

[Event "It (open)"]
[Site "masterchessopenings.com Torquay (England)"]
[Date "2006.11.25"]
[Round "3"]
[White "Wheeler John Francis (ENG)"]
[Black "Kemp Paul Michael (ENG)"]
[Result "1/2-1/2"]
[WhiteElo "2173"]
[BlackElo "2039"]

1.d4 Nf6 2.c4 e6 3.Nf3 Bb4+ 4.Nc3 c5 5.e3 O-O 6.Bd3 Nc6 7.O-O Bxc3 8.bxc3 d6
9.e4 e5 10.d5 Ne7 11.Nh4 Ne8 12.f4 Nxd5 {#d} 1/2-1/2